000
00289nam a2200121Ia 4500
008
191201s2005 xx 000 0 und d
100
_a
JAIN, Reena
245
0
_a
Accounting and finance on computer
260
_a
N. delhi
_b
Anand Pub
_c
2005
300
_a
263
650
_a
MBA
942
_2
ddc
_c
BK
999
_c
368
_d
368